=LDR 00000nam 2200000 4500 =001 INLIS000000000009026 =005 20130612100842 =008 ***********************************Ind** =035 ##$$0010-061300000009026 =041 ##$$a Ind =082 ##$$a 658.81 =090 ##$$a 658.81, Kot-m =100 ##$$a Kotler, Philip =245 ##$$a Manajemen Pemasaran, Analisis, Perencanaan, Implementasi, dan Kontrol, philip Kotler =260 ##$$a 1997 $b Jakarta =300 ##$$a xxiv, 330 hlm, ilus, 28 cm =650 ##$$a Manajemen Pemasaran =700 ##$$a Teguh, Henda (penerjemah) =850 ##$$a NBPNMAT